Journal of accounting in emerging economies

Detalles Bibliográficos
Formato: Electrónico Revista
Lenguaje:inglés
Publicado: Bingley, England : Emerald Group Publishing, 2011-
Materias:
Acceso en línea:Full text available from Research Library: 01/01/2011 to 1 year ago

MARC

LEADER 00000nas a2200000 i 4500
001 ssj0001073148
003 WaSeSS
005 20200512172242.0
006 m d
007 cr n
008 131219c20119999enkf| p|s|||||| |0eng d
022 |a 2042-1176  |l 2042-1168  |y 2042-1168 
035 |a (WaSeSS)ssj0001073148 
040 |a WaSeSS  |b eng  |c WaSeSS  |d WaSeSS 
043 |a d------ 
050 1 4 |a HF5616.5 
245 0 0 |a Journal of accounting in emerging economies  |h [electronic resource]. 
260 |a Bingley, England :  |b Emerald Group Publishing,  |c 2011- 
310 |a Semiannual 
362 1 |a Began with Volume 1, Number 1 (2011). 
506 |a License restrictions may limit access. 
588 |a Description based on: Volume 1, Number 1 (2011); title from article pdf (ProQuest, viewed Dec. 19, 2013). 
588 |a Latest issue consulted: Volume 3, Number 2 (2013) (viewed Dec. 19, 2013). 
650 0 |a Accounting  |z Developing countries  |v Periodicals. 
650 0 |a Accounting  |x Research  |z Developing countries  |v Periodicals. 
655 0 |a Electronic journals. 
776 0 8 |i Print version:  |t Journal of accounting in emerging economies  |x 2042-1168 
856 4 0 |z Full text available from Research Library: 01/01/2011 to 1 year ago  |u https://search.proquest.com/publication/566299